00566nam a2200205Ia 4500003000400000005001700004008004100021020001400062040001800076041000800094082002000102100001800122245006100140250001200201260003800213300003000251650001100281650003600292650003200328OSt20251030095449.0210716s2003 xx 000 0 und d a201440997 cAIMIT LIBRARY aeng a005.8 21bBISM aBishop, Matt. aComputer security : bart and science /cBy Matt Bishop. a1st ed. aBoston :bAddison Wesley ,c2003. axli,1084p. ;bPBc24.5 cm aPolicy aImplementation I : cryptography aImplementation II : systems